00325nam a2200109Ia 45000010005000000080041000050200022000460820024000681000026000922450074001182600023001922909241024s9999 xx 000 0 und d a978-9945-445-10-7 aRD/923.27293/SU939m aSuazo Ruiz. Sócrate 0aManual para el Ideario de Duarte, ampliado, contextualizado y anotado bEdita Librosc2013